Hebräisches Alphabet - Statistiken

Allgemein
  • Dieses Quiz wurde 33 mal gespielt
  • Das Durchschnittsergebnis liegt bei 15 aus 20
Antwortstatistiken
Buchstabe Lautwert/
Umschrift
Zahlwert % Korrekt
ב b | w 2
90%
ד d 4
90%
ג g 3
90%
מ/ ם m 40
85%
נ/ ן n 50
85%
ש s | sch 300
85%
ה h 5
80%
ל l 30
80%
ר r 200
80%
ת t 400
80%
ק k 100
75%
כ/ ך k | ch 20
75%
פ/ ף p | f 80
75%
ז s 7
70%
ס s 60
70%
ט t 9
70%
ו w 6
70%
י j 10
65%
צ/ ץ z 90
65%
ח ch 8
60%
Keine übereinstimmenden Quizze gefunden
Verteilung der Resultate
Anzahl Personen mit jedem Resultat
Perzentil nach korrekt beantworteten Fragen
Ihre Resultats-Entwicklung
Sie haben dieses Quiz noch nicht gespielt